[Event "AUTO-OPEN-2649"]
[Site "http://www.queenalice.com/game.php?id=1045168"]
[Date "2012.4.2"]
[Round "1"]
[White "odin2"]
[Black "jupar"]
[Result "1/2-1/2"]
[WhiteElo "1804"]
[BlackElo "1927"]

1. d4 d5 2. Nf3 Nf6 3. Bf4 e6 4. e3 Bd6 5. Bg3 O-O 6. Bd3 c6 7. Nbd2 Qc7 8. O-O
Nbd7 9. c4 Bxg3 10. fxg3 Re8 11. Re1 e5 12. dxe5 Nxe5 13. Qc2 dxc4 14. Nxc4 Nxd3
15. Qxd3 b5 16. Nce5 Be6 17. Rac1 Bc4 18. Nxc4 bxc4 19. Qxc4 Rac8 20. Nd4 c5 21.
Nf5 Qe5 22. Qf4 Qxf4 23. gxf4 Ng4 24. Nd6 Red8 25. Nc4 h5 26. h3 Nf6 27. Red1
Ne4 28. Ne5 Rxd1+ 29. Rxd1 f6 30. Ng6 Kh7 31. Nh4 Rc7 32. Nf3 c4 33. Rd4 c3 34.
bxc3 Nxc3 35. Rd2 Ne4 36. Rb2 Rc1+ 37. Kh2 g5 38. Rb7+ Kg6 39. Rxa7 h4 40. fxg5
fxg5 41. Ra6+ Kh5 42. Ra5 Kh6 43. g4 Rc2+ 44. Kg1 Rc3 45. Nd4 Rxe3 46. Kg2 Rd3
47. Nf5+ Kg6 48. Ra6+ Kf7 49. a4 Ra3 50. a5 Ng3 51. Nd6+ Ke7 52. Nf5+ Kd7 53.
Nxg3 Rxg3+ 54. Kh2 Ra3 55. Ra7+ Ke6 56. a6 Kf6 57. Ra8 Kg7 58. a7 Kh7 59. Kg2
Kg7 60. Kh2 Kh7 61. Kg2 Kg7 62. Kh2 Kh7 1/2-1/2

[Event "AUTO-INT-2286"]
[Site "http://www.queenalice.com/game.php?id=1045220"]
[Date "2012.4.2"]
[Round "1"]
[White "saucissonsec"]
[Black "odin2"]
[Result "1-0"]
[WhiteElo "1568"]
[BlackElo "1763"]

1. d4 d5 2. e3 Nf6 3. Nf3 e6 4. Bd3 g6 5. Nc3 Bg7 6. O-O O-O 7. h3 Nbd7 8. e4
dxe4 9. Nxe4 Nxe4 10. Bxe4 Nb6 11. Be3 Nd5 12. Bxd5 exd5 13. b3 b6 14. c4 Bb7
15. Re1 Re8 16. a4 dxc4 17. bxc4 Bxf3 18. Qxf3 Bxd4 19. Bxd4 Qxd4 20. Rad1 Qxc4
21. Rxe8+ Rxe8 22. g3 1-0

[Event "AUTO-INT-2286"]
[Site "http://www.queenalice.com/game.php?id=1045221"]
[Date "2012.4.2"]
[Round "1"]
[White "odin2"]
[Black "saucissonsec"]
[Result "1-0"]
[WhiteElo "1750"]
[BlackElo "1564"]

1. d4 d5 2. Nf3 e6 3. Bf4 Nf6 4. Nbd2 Nc6 5. c3 Be7 6. e3 Ne4 7. Bd3 O-O 8. Nxe4
dxe4 9. Bxe4 Bd7 10. O-O h6 11. Ne5 Nxe5 12. Bxe5 Bf6 13. Bg3 Qe7 14. Qc2 g6 15.
Bxb7 Rab8 16. Be4 h5 17. Rad1 e5 18. dxe5 Bxe5 19. Bxe5 Qxe5 20. Rxd7 Rbd8 21.
Rfd1 Qe6 22. Rxd8 1-0

[Event "AUTO-INT-2286"]
[Site "http://www.queenalice.com/game.php?id=1045232"]
[Date "2012.4.2"]
[Round "1"]
[White "nuage"]
[Black "odin2"]
[Result "0-1"]
[WhiteElo "1654"]
[BlackElo "1643"]

1. e4 c6 2. d4 d5 3. e5 Bf5 4. Bf4 e6 5. Nc3 Bb4 6. Nf3 Ne7 7. Bg5 Nd7 8. Be2
O-O 9. O-O f6 10. exf6 Nxf6 11. Qd2 Ne4 12. Ne5 Nxd2 13. Bxd2 Bxc2 14. Bg5 Qc7
15. Rac1 Bf5 16. Na4 Bd6 17. f4 Ng6 18. Bh5 Nxe5 19. fxe5 Be7 20. Bf4 Qa5 21. b3
Be4 22. Nc3 Bd3 23. Rf3 Ba6 24. Rg3 Rxf4 25. Ne2 Bxe2 26. Bxe2 Raf8 27. h3 Bh4
28. Rg4 Qd2 29. Rf1 Qxe2 30. Rfxf4 Qe1+ 31. Kh2 Rxf4 32. Rxf4 Bg3# 0-1

[Event "AUTO-INT-2286"]
[Site "http://www.queenalice.com/game.php?id=1045233"]
[Date "2012.4.2"]
[Round "1"]
[White "odin2"]
[Black "nuage"]
[Result "1-0"]
[WhiteElo "1626"]
[BlackElo "1652"]

1. d4 Nf6 2. Nf3 d6 3. Bf4 Bf5 4. Nbd2 Nd5 5. Bg3 Nb4 6. e4 Bg4 7. c3 N4c6 8.
Bb5 a6 9. Ba4 b5 10. Bb3 a5 11. Bxf7+ Kxf7 12. Ng5+ Ke8 13. Qxg4 g6 14. O-O b4
15. Ndf3 Nd7 16. Ne6 Qb8 17. e5 dxe5 18. dxe5 bxc3 19. bxc3 Qb2 20. Nxc7+ Kd8
21. Nxa8 Qxc3 22. Rac1 Qb2 23. Rxc6 h5 24. Qc4 Qb8 25. Nc7 Bg7 26. Ne6+ 1-0

[Event "AUTO-INT-2286"]
[Site "http://www.queenalice.com/game.php?id=1045238"]
[Date "2012.4.2"]
[Round "1"]
[White "macedao2012"]
[Black "odin2"]
[Result "0-1"]
[WhiteElo "1414"]
[BlackElo "1739"]

1. d4 d5 2. c4 e6 3. Nc3 Nf6 4. Bg5 Be7 5. e3 O-O 6. Bd3 Nbd7 7. Nf3 c6 8. Rc1
h6 9. Bf4 dxc4 10. Bxc4 Nd5 11. Bxd5 exd5 12. Ne5 Nxe5 13. Bxe5 Bd6 14. Qe2 Re8
15. O-O Bxe5 16. dxe5 Rxe5 17. Rcd1 Qe7 18. f4 Rxe3 19. Qd2 Bf5 20. Rfe1 Rxe1+
21. Rxe1 Qc5+ 22. Qf2 Qxf2+ 23. Kxf2 Kf8 24. Re5 Bd7 25. b4 Re8 26. Re2 Bg4 27.
Rxe8+ Kxe8 28. Kg3 Be6 29. Kh4 d4 30. Ne2 d3 31. Nc3 d2 32. a4 Bb3 33. b5 d1=Q
34. Nxd1 Bxa4 35. Nc3 Bxb5 36. g4 Bd3 37. g5 hxg5+ 38. fxg5 b5 39. Kh5 a5 0-1

[Event "AUTO-INT-2286"]
[Site "http://www.queenalice.com/game.php?id=1045239"]
[Date "2012.4.2"]
[Round "1"]
[White "odin2"]
[Black "macedao2012"]
[Result "1-0"]
[WhiteElo "1745"]
[BlackElo "1472"]

1. d4 d5 2. Nf3 Nf6 3. Bf4 Bg4 4. Nbd2 Nc6 5. e3 Ne4 6. Be2 e6 7. c3 Bd6 8. Bg3
Bxg3 9. fxg3 O-O 10. O-O a6 11. Qc2 Nb4 12. cxb4 Nxd2 13. Qxd2 f6 14. Nh4 Bxe2
15. Qxe2 b5 16. Rac1 g5 17. Nf3 c6 18. Rxc6 a5 19. Qxb5 Rc8 20. Rfc1 Qd7 21. Qc5
axb4 22. Qb6 g4 23. Nd2 e5 24. Rxc8 Rxc8 25. Rxc8+ Qxc8 26. Qxb4 Qc1+ 27. Kf2
exd4 28. exd4 Qc8 29. Qc3 Qxc3 30. bxc3 Kf7 31. Ke3 Ke7 32. Kf4 h5 33. Kf5 Kf7
34. a4 1-0

[Event "AUTO-INT-2274"]
[Site "http://www.queenalice.com/game.php?id=1062209"]
[Date "2012.5.21"]
[Round "2"]
[White "Norfair"]
[Black "odin2"]
[Result "1-0"]
[WhiteElo "2381"]
[BlackElo "1756"]

1. d4 d5 2. Nf3 Nf6 3. Bg5 e6 4. Nbd2 Be7 5. e3 Nbd7 6. Bd3 c5 7. c3 O-O 8. Ne5
Qc7 9. Bf4 Bd6 10. Ndf3 b6 11. O-O Bb7 12. Nxd7 Nxd7 13. Bxd6 Qxd6 14. Qe2 e5
15. dxe5 Nxe5 16. Nxe5 Qxe5 17. Qf3 Rab8 18. Rfd1 Rfd8 19. Qh3 g6 20. Rd2 d4 21.
exd4 cxd4 22. Rad1 Re8 23. cxd4 Qg5 24. Qg3 1-0

[Event "AUTO-INT-2274"]
[Site "http://www.queenalice.com/game.php?id=1062210"]
[Date "2012.5.21"]
[Round "2"]
[White "odin2"]
[Black "Norfair"]
[Result "0-1"]
[WhiteElo "1809"]
[BlackElo "2346"]

1. d4 Nf6 2. Nf3 e6 3. Bf4 b6 4. e3 Bb7 5. Nbd2 Be7 6. Bd3 Nh5 7. Bg3 d6 8. c4
O-O 9. O-O f5 10. Qc2 Nxg3 11. fxg3 g6 12. e4 Nc6 13. a3 Bf6 14. d5 exd5 15.
exd5 Nd4 16. Nxd4 Bxd4+ 17. Kh1 c6 18. Nf3 Bg7 19. dxc6 Bxc6 20. Rad1 Qf6 21. b4
Rfe8 0-1

[Event "AUTO-INT-2274"]
[Site "http://www.queenalice.com/game.php?id=1062211"]
[Date "2012.5.21"]
[Round "2"]
[White "Tenista"]
[Black "odin2"]
[Result "1-0"]
[WhiteElo "1668"]
[BlackElo "1807"]

1. e4 c5 2. Bc4 d6 3. Nc3 Nf6 4. d3 Nc6 5. Bb5 Bd7 6. Bg5 e6 7. Qe2 a6 8. Bxc6
Bxc6 9. Nf3 Be7 10. O-O-O Qc7 11. e5 Bxf3 12. gxf3 dxe5 13. h4 h6 14. Bd2 O-O-O
15. Rhg1 Rhg8 16. Kb1 Nd5 17. Nxd5 exd5 18. h5 Bf6 19. Rg4 Rge8 20. f4 e4 21.
dxe4 Rxe4 22. Qf3 1-0

[Event "AUTO-INT-2274"]
[Site "http://www.queenalice.com/game.php?id=1062212"]
[Date "2012.5.21"]
[Round "2"]
[White "odin2"]
[Black "Tenista"]
[Result "1-0"]
[WhiteElo "1764"]
[BlackElo "1639"]

1. d4 e6 2. Nf3 d5 3. Bf4 Bd6 4. Bg3 Bxg3 5. hxg3 Nc6 6. e3 a6 7. c4 Nf6 8. Nc3
Ne4 9. cxd5 exd5 10. Bd3 Nxc3 11. bxc3 Bg4 12. Qc2 O-O 13. Bxh7+ Kh8 14. Bg8+
Kxg8 15. Qh7# 1-0